|
|
|
|
| LEADER |
00000nam a2200000 a 4500 |
| 001 |
vtls008355900 |
| 003 |
SK-MaSNL |
| 005 |
20260301221803.0 |
| 008 |
240314s1974 xo da e n 000 0 slo |
| 015 |
|
|
|a SKSNBA1974/12-03229
|
| 035 |
|
|
|a SK01SNK19740048117
|
| 035 |
|
|
|a SKM000050580
|
| 040 |
|
|
|a SNK
|b slo
|c SNK
|e AACR2
|
| 041 |
0 |
|
|a slo
|
| 044 |
|
|
|a xo
|c SK
|
| 080 |
|
|
|a 311:634.0(075.8)
|2 1981
|
| 100 |
1 |
|
|a Šmelko, Štefan,
|d 1930-2020
|4 aut
|9 237134
|
| 245 |
1 |
0 |
|a Štatistické metódy v lesníctve
|c Štefan Šmelko
|
| 250 |
|
|
|a 2. vyd.
|
| 260 |
|
|
|a Zvolen
|b VŠLD
|c 1974
|
| 300 |
|
|
|a [2], 475 s.
|b ilustr., grafy, sch., tab.
|c 4°
|
| 366 |
|
|
|e 200 výt.
|
| 500 |
|
|
|a Pozn.
|
| 504 |
|
|
|a Bibliogr. odkazy
|
| 650 |
0 |
7 |
|a lesníctvo
|2 SNKPH
|9 1255
|
| 650 |
0 |
7 |
|a štatistické metódy
|2 SNKPH
|9 779
|
| 655 |
|
7 |
|a učebnice vysokých škôl
|2 SNKPH
|9 70191
|
| 958 |
|
|
|a OND
|
| 958 |
|
|
|a RM
|
| 958 |
|
|
|a RK
|
| 958 |
|
|
|a NB
|
| 958 |
|
|
|a UV
|
| 999 |
|
|
|c 937413
|d 939343
|
| 952 |
|
|
|a SNK
|b SNK
|y PREZ
|7 0
|p 17A0920298
|o snkSB 21689
|i snkKSP 794/75
|0 0
|1 0
|4 0
|d 2014-04-25
|f 1
|l 0
|r 2025-03-25 00:00:00
|w 2026-02-24
|
| 952 |
|
|
|a SNK
|b SNK
|y VYP
|7 0
|o snkSB 21689 D1
|i snkKSP 795/75
|0 0
|1 0
|4 0
|d 2014-04-25
|l 0
|r 2026-02-24 09:08:03
|w 2026-02-24
|